| 000 | 00705nam a2200229 a 4500 | ||
|---|---|---|---|
| 001 | 022155 | ||
| 003 | BD-ChCU | ||
| 005 | 20230204161533.0 | ||
| 008 | Ben | ||
| 020 | _a৯৮৪ ৮৩৯১০৩৭ | ||
| 040 |
_aDLC _cDLC _dBD-ChCU |
||
| 082 | 0 | 0 | _a১৮১.১৫/লাল৫১ |
| 100 | 1 |
_a- _b- |
|
| 245 | 1 | 0 |
_aলালন সাহিত্য ও দর্শন _b- |
| 250 | _a- | ||
| 260 |
_aঢাকা _bসাহিত্যিকা _c২০০৩ |
||
| 300 | _a২৮৭ | ||
| 504 | _a- Biblio- | ||
| 650 | 0 |
_aলালন সাহিত্য _bদর্শন |
|
| 700 | 1 | _aহক, খোন্দকার রিয়াজুল | |
| 942 |
_2ddc _cBK |
||
| 999 |
_c22155 _d22155 |
||